Statistics for Most Guessed Cities by Country #2

Click here to take the quiz!

General Stats

  • This quiz has been taken 17,251 times
  • The average score is 25 of 40

Answer Stats

City % Correct
New York City
99%
Rome
97%
Los Angeles
96%
Sydney
95%
Beijing
95%
Mexico City
95%
Chicago
87%
Cape Town
85%
Milan
85%
Bern
84%
Shanghai
84%
Melbourne
83%
Johannesburg
83%
Venice
81%
Miami
80%
San Francisco
78%
Perth
77%
Canberra
76%
Bogota
76%
Naples
75%
Zurich
72%
Florence
70%
Hong Kong
69%
Geneva
66%
Pretoria
65%
Brisbane
56%
Guangzhou
52%
Guadalajara
48%
Medellin
43%
Tijuana
39%
Durban
38%
Xi'an
31%
Cali
30%
Basel
28%
Monterrey
28%
Lausanne
19%
Port Elizabeth
18%
Ciudad Juarez
18%
Cartagena
17%
Barranquilla
14%

Score Distribution

Percentile by Number Answered

Percent of People with Each Score

Your Score History

You have not taken this quiz